000 00615nam a2200229Ia 4500
003 OSt
005 20220928102128.0
006 a|||||r|||| 00| 0
007 ta
008 220927b |||||||| |||| 00| 0 eng d
024 _a55051
037 _cTextual
040 _aSDCL
_cSDCL
_beng
041 _2eng
_aeng
082 _aO152,3N121,2, M7
100 _aUpadhyaya Ramesh
_9396729
245 0 _aKisi desh ke kisi sehar mein.
260 _aNew Delhi
_bVani Prakashan
_c1987
300 _a143p.
_ccm.
942 _hO152,3N121,2, M7
_cTEXL
_2CC
999 _c712488
_d712488